000 00564nam a2200217Ia 4500
003 OSt
005 20220928144006.0
006 a|||||r|||| 00| 0
007 ta
008 220927b |||||||| |||| 00| 0 eng d
024 _a23436
037 _cTextual
040 _aSDCL
_cSDCL
_beng
041 _2eng
_aeng
082 _aQ2:1, 152L8
100 _aVitsaksis Vaissilisa G
_9506287
245 0 _aGhar -ghar me poojit hindu devi- devta.
260 _c1978
942 _hQ2:1, 152L8
_cTEXL
_2CC
999 _c825382
_d825382